|
|
|
|
| LEADER |
00931naa a2200193 i 4500 |
| 001 |
acta67844 |
| 005 |
20260224081030.0 |
| 008 |
200416s2010 hu o 000 hun d |
| 020 |
|
|
|a 978 963 9573 70 3
|
| 040 |
|
|
|a SZTE Egyetemi Kiadványok Repozitórium
|b hun
|
| 041 |
|
|
|a hun
|
| 100 |
1 |
|
|a Kiss Róbert Károly
|
| 245 |
1 |
0 |
|a Gondolatok és tettek a revízió jegyében a szegedi egyetemen a két világháború között
|h [elektronikus dokumentum] /
|c Kiss Róbert Károly
|
| 260 |
|
|
|c 2010
|
| 300 |
|
|
|a 103-112
|
| 490 |
0 |
|
|a Újragondolt negyedszázad : tanulmányok a Horthy-korszakról
|
| 695 |
|
|
|a Oktatásügy - Magyarország - 1920-1930-as évek, Oktatáspolitika - Magyarország - 1920-1930-as évek, Felsőoktatás - Magyarország - 1920-1930-as évek
|
| 710 |
|
|
|a Társadalom és politika a Horthy-korszakban (2008) (Szeged)
|
| 856 |
4 |
0 |
|u http://acta.bibl.u-szeged.hu/67844/1/2010_horthy_tanulmanyok_103-112.pdf
|z Dokumentum-elérés
|